00664 2200193 4500001002100000005001500021035002000036007000300056008004100059020002200100082000800122084001400130100001900144245015700163250004200320260004500362300004400407650001900451INLIS00000000000086820250217104110 a0010-0225000043ta250217 g 0 ind  a978-623-346-684-4 a324 a324 TED a0 aTeddy Wibisana1 aAldera :bPotret Gerakan Politik Kaum Muda 1993-1999 /cTeddy Wibisana;Nanang Pujalaksana; Rahadi T. Wiratama (Tim Penulis); Marlin Dinamikanto (Editor) aCetakan Sembilan Belas, Desember 2022 aJakarta :bKompas Media Nusantara,c2022 a308 Halaman :bIlustrasi; teks ;c21 cm 4aProses Politik